Olympic Athletics Events - Statistics

General Stats
  • This quiz has been taken 176 times
  • The average score is 19 of 26
Answer Stats
Event % Correct
100 metres
99%
100 metres hurdles
99%
200 metres
97%
400 metres
95%
400 metres hurdles
95%
4×100 metres relay
95%
800 metres
91%
1500 metres
89%
10,000 metres
86%
Long jump
86%
5000 metres
84%
High jump
83%
Triple jump
79%
Shot put
77%
Marathon (road)
76%
Pole vault
76%
110 metres hurdles
70%
3000 metres steeplechase
68%
Hammer throw
65%
Discus throw
59%
Javelin throw
59%
Decathlon
52%
4×400 metres relay
51%
Heptathlon
46%
20 kilometres race walk (road)
34%
50 kilometres race walk (road)
32%
No matching quizzes found
Score Distribution
Percent of People with Each Score
Percentile by Number Answered
Your Score History
You have not taken this quiz